đŸŽ¶ Paroles "Ma tĂȘte, mon coeur" Grand Corps Malade - Statistiques

Statistiques générales
  • Ce quiz a Ă©tĂ© pris 17 fois
  • Le rĂ©sultat moyen est 215 sur 313
Statistiques - réponses
Mots % Correct
C'
100%
c'
100%
coeur
100%
coeur,
100%
couille,
100%
ma
100%
Ma
100%
s'
100%
tĂȘte,
100%
tĂȘte
100%
couilles
92%
couilles,
92%
et
92%
Et
92%
l'
92%
Le
92%
le
92%
les
92%
me
92%
Mes
92%
mes
92%
Mon
92%
mon
92%
a,
83%
Ă 
83%
a
83%
d'
83%
de
83%
est
83%
Il
83%
J'
83%
j'
83%
un
83%
ça
75%
corps
75%
des
75%
dit
75%
Elle
75%
elle
75%
je
75%
Je
75%
la
75%
La
75%
mais
75%
Mais
75%
n'
75%
qu'
75%
suis
75%
bien
67%
elles
67%
en
67%
humain
67%
on
67%
oĂč
67%
par
67%
pas,
67%
pas
67%
Que
67%
que
67%
sont
67%
Vous
67%
y
67%
ai
58%
aimeraient
58%
air
58%
artichaut
58%
bordel
58%
brune
58%
Cette
58%
cette
58%
comme
58%
ĂȘtre
58%
fou
58%
jour
58%
mal
58%
ni
58%
nous
58%
pécho
58%
pour
58%
qui
58%
si
58%
Si
58%
toujours
58%
une
58%
veut
58%
au
50%
avaient
50%
avoir
50%
burnes
50%
casse
50%
chaud
50%
crains,
50%
depuis
50%
fait
50%
femmes
50%
histoire
50%
ils
50%
Moi,
50%
moi,
50%
ont
50%
part
50%
peur
50%
pourquoi
50%
prĂȘt
50%
putain
50%
queue
50%
roi
50%
royaume
50%
accord
42%
attendrir
42%
autant
42%
battait
42%
cause
42%
chaque
42%
chez
42%
combat
42%
connais
42%
embrouille
42%
jamais
42%
laisse
42%
loups
42%
moment
42%
motivées,
42%
notre
42%
oppose
42%
organe
42%
prĂȘte
42%
restent
42%
resterai
42%
sacré
42%
solution,
42%
trouvé
42%
agneaux
33%
chelous
33%
comprenez
33%
dans
33%
demoiselles
33%
disent
33%
embrouilles
33%
entendu
33%
éponge,
33%
excusent
33%
grosse
33%
homme,
33%
lendemain
33%
leur
33%
maintenant
33%
perd
33%
plus
33%
quand
33%
rarement
33%
soldat,
33%
sous
33%
trois
33%
trucs
33%
contrĂŽle
25%
défaite
25%
discutent
25%
imposer
25%
loi
25%
ouvrir
25%
source
25%
vraie
25%
agite
17%
créait
17%
essayent
17%
fouille
17%
leaders
17%
lutte
17%
interne,
8%
permanente
8%
Aucun quiz correspondant
Distribution des résultats
% des personnes avec chaque résultat
Percentile par nombre de réponses
Votre historique - résultats
Vous n’avez pas pris ce quiz